| 000 | 00541nam a22001817a 4500 | ||
|---|---|---|---|
| 003 | BD-DhUL | ||
| 005 | 20190320145058.0 | ||
| 008 | 190318s1985 pk ||||| |||| 00| 0 urd d | ||
| 040 |
_aBD-DhUL _cBD-DhUL |
||
| 082 |
_a891.4309 _bJAN |
||
| 100 | 1 | _aجالبی، جمیل | |
| 245 | 1 | 0 |
_aنئی تنقید / _cجمیل جالبی _b |
| 260 |
_aکراچی : _bرائل بک کمپنی، _c۔۱۹۸۵ |
||
| 300 |
_aص۔ ۳۹۹ ؛ _c۲۲ سم۔ |
||
| 365 |
_aUS$ _b7.50 |
||
| 650 | 4 | _aUndu Litarature - History and criticism | |
| 942 |
_2ddc _cBK |
||
| 999 |
_c246678 _d246678 |
||